| 000 | 00605nam a22002057a 4500 | ||
|---|---|---|---|
| 005 | 20260121125322.0 | ||
| 008 | 260121b |||||||| |||| 00| 0 eng d | ||
| 037 | _cDSWL | ||
| 040 |
_aDSWL _cDSWL |
||
| 041 | _heng | ||
| 084 | _aYX.2 R5;1 | ||
| 100 |
_aSubudhi, Chittaranjan _9990919 |
||
| 245 | _aFoundations of indigenous social work | ||
| 260 |
_aNew Delhi, _bConcept Publication, _c2025 |
||
| 300 | _a234p | ||
| 365 |
_aINR _b1100 |
||
| 700 |
_aBishnu Mohan Dash _9990921 |
||
| 942 |
_2CC _cTEXL _hYX.2 R5;1 _n0 |
||
| 999 |
_c1561112 _d1561112 |
||